<?xml version="1.0" encoding="UTF-8"?>
<marc:record xmlns:marc="http://www.loc.gov/MARC21/slim">
   <marc:leader>00000nam a2200000 a 4500</marc:leader>
   <marc:datafield ind1="1" ind2=" " tag="100">
      <marc:subfield code="a">Wetzstein, Cora</marc:subfield>
      <marc:subfield code="4">aut</marc:subfield>
      <marc:subfield code="e">Verfasser/-in</marc:subfield>
   </marc:datafield>
   <marc:datafield ind1=" " ind2=" " tag="653">
      <marc:subfield code="a">Kochbuch</marc:subfield>
   </marc:datafield>
   <marc:datafield ind1=" " ind2=" " tag="653">
      <marc:subfield code="a">Familienrezepte</marc:subfield>
   </marc:datafield>
   <marc:datafield ind1="0" ind2="0" tag="245">
      <marc:subfield code="a">Familienküche super easy!</marc:subfield>
   </marc:datafield>
   <marc:datafield ind1="0" ind2="0" tag="245">
      <marc:subfield code="b">70 schnelle Rezepte mit wenig Zutaten...und allen schmeckt's!</marc:subfield>
   </marc:datafield>
   <marc:datafield ind1="0" ind2="0" tag="245">
      <marc:subfield code="c">Cora Wetzstein</marc:subfield>
   </marc:datafield>
   <marc:datafield ind1=" " ind2="1" tag="264">
      <marc:subfield code="a">Igling</marc:subfield>
      <marc:subfield code="b">EMF</marc:subfield>
      <marc:subfield code="c">2021</marc:subfield>
   </marc:datafield>
   <marc:datafield ind1="1" ind2=" " tag="520">
      <marc:subfield code="a">Quelle: bn.bibliotheksnachrichten (http://www.biblio.at/literatur/bn/index.html); #Autor: Ursula Pirker; #Übersichtliches und motivierendes Kochbuch mit Gerichten, für die man nicht viel einkaufen muss. (VL)#Die Autorin bringt es gleich im Vorwort auf den Punkt: Immer wieder plagt uns das schlechte Gewissen, wenn wir nach einem ereignisreichen Tag wieder nicht kochen wollen. Sei es, weil wir einfach zu müde sind, schon zu großen Hunger haben oder keine sinnvollen Zutaten im Kühlschrank sind. Da Wetzstein diese Situationen selbst auch kennt, findet sie überzeugende Ideen, mit denen es uns gelingt, auf Fast Food oder Take Away zu verzichten und aus den Dingen, die praktisch jeder zu Hause hat, schnelle und gesunde Gerichte zu zaubern. Ihrer Ansicht nach sind es nur 20 Zutaten, die man benötigt, um viele verschiedene Speisen zu zaubern. Sie stellt diese Lebensmittel kurz vor und gibt auch Hinweise zu deren optimaler Lagerung. Die Rezepte sind unterteilt in Salate, Suppen, Hauptgerichte (mit Fleisch, Fisch oder vegetarisch) und Süßes. Die meisten davon lassen sich in rund 30 Minuten realisieren. Falls zur Herstellungszeit noch eine Backzeit kommt, wird dies extra vermerkt.#Ein sehr sympathisches und authentisches Kochbuch. Mit zahlreichen Farbfotografien reich bebildert, übersichtlich strukturiert und nett formuliert.#Sehr empfehlenswert - auch für KochanfängerInnen.</marc:subfield>
   </marc:datafield>
   <marc:datafield ind1=" " ind2=" " tag="020">
      <marc:subfield code="a">9783745902556</marc:subfield>
      <marc:subfield code="9">9783745902556</marc:subfield>
   </marc:datafield>
   <marc:datafield ind1=" " ind2=" " tag="041">
      <marc:subfield code="a">ger</marc:subfield>
   </marc:datafield>
   <marc:datafield ind1=" " ind2=" " tag="300">
      <marc:subfield code="a">141 S.</marc:subfield>
   </marc:datafield>
</marc:record>
